| 000 | 00970nam a2200265Ia 4500 | ||
|---|---|---|---|
| 003 | OSt | ||
| 005 | 20220923211244.0 | ||
| 006 | a|||||r|||| 00| 0 | ||
| 007 | ta | ||
| 008 | 220922b |||||||| |||| 00| 0 hin d | ||
| 020 |
_a9788177144628 (hbk) _c450 |
||
| 024 | _a276,316 | ||
| 037 |
_b215, 23/09/2013, Swaraj Prakashan _cTextual |
||
| 040 |
_aARTS _cARTS _bhin |
||
| 041 |
_2hin _ahin |
||
| 082 | _aO152,6N371:g, Q2 | ||
| 100 | _aयायवर, भारत, संपा. | ||
| 245 | 0 | _aआलोचना का अदृश्य पक्ष | |
| 246 | _aĀlochanā kā adṛushya pakṣha | ||
| 260 |
_aनयी दिल्ली _b प्रकाशन संस्थान _c2012 |
||
| 300 |
_a288पृ. _ccm. |
||
| 650 |
_aहिन्दी साहित्य _9156264 |
||
| 942 |
_hO152,6N371:g, Q2 _cTEXL _2CC |
||
| 999 |
_c297757 _d297757 |
||